000 00593nam a2200181Ia 4500
001 7666
005 20260306160512.0
008 260306t2012||||xx |||||||||||||| ||spa||
041 _aESP
082 _a353.88284
_bC265 T. 9
100 _aConsejo de Evaluación, Acreditación y Certificación de la Calidad de Educación Superior Universitaria
_eAUT
245 0 _aEstandares de calidad para la acreditación de las carreras profesionales universitarias de ingeniería
260 _c2012
300 _a142 páginas :
_c29 cm.
650 _aGEN
654 _aCAN
942 _cLIB
_dJUS
_fJUS
_2ddc
_n
999 _c7666
_d7666